000 00819nas a2200253Ia 4500
001 R142/77665
003 IT-RoPAU
008 151124c99999999xx |||||||||||| ||und||
040 _aIT-RoPAU
040 _cIT-RoPAU
041 _aFRANCESE
100 _aGitlin Todd
_gCodice Aut. SPICS: 21200
210 _aRESEAUX
222 _aReseaux
245 _aRESEAUX, N.039 (GENNAIO 1990)
_bPrevoir L'Imprevisible
250 _a2a ed.
260 _aPARIS
_bCNET
_c1983
501 _bPaulus - SPICS - Società San Paolo EM (non-commercial uses only)
_cCopyright2015
300 _a18 p. [19-36]
362 _aN.039 (GENNAIO 1990)
500 _aArticolo Tratto Dai Due Primi Capitoli dell'Opera: Inside Prime Time del 1983. Prevedere L'Imprevedibile.
650 _aCOMUNICAZIONE
_vPUBBLICAZIONE PERIODICA
942 _cCR
999 _c190362
_d190362